000 00627nam a2200241 a 4500
001 nice12345678
003 IN_TiNIC
005 20260116013510.0
008 050524s1983 newa grp 000 0 eng
020 _a
_c250
082 0 0 _a297.63
_bLIN
100 _aLings, Martin
245 _aMuhammad
_b His Life Based on the Earliest Sources
260 _aNew Delhi
_bMillat Book Centre
_c1983
300 _a359p.
500 _aincludes index and biblioraphy
505 2 _aguides to new testament exegesis
650 _aMuhammad, Prophet
700 1 _aLings, Martin
902 _bRHR
942 _cBK
999 _c11223
_d11223